Catálogo
 En Linea

Dinámica y génesis de grupos / (Registro nro. 24017)

Detalles MARC
000 -CABECERA
campo de control de longitud fija 00920nam a2200253 a 4500
001 - NÚMERO DE CONTROL
campo de control 000024524
005 - FECHA Y HORA DE LA ÚLTIMA TRANSACCIÓN
campo de control 20200930023223.0
008 - DATOS DE LONGITUD FIJA--INFORMACIÓN GENERAL
campo de control de longitud fija 110128s1973 sp r 001 0 spa d
040 ## - FUENTE DE LA CATALOGACIÓN
Centro catalogador/agencia de origen DO-SdBNP
Lengua de catalogación spa
Centro/agencia transcriptor BNPHU
082 ## - NÚMERO DE LA CLASIFICACIÓN DECIMAL DEWEY
Número de clasificación xxxxx
Número de documento/Ítem M219d
049 ## - FONDOS LOCALES (OCLC)
Fondos de biblioteca BNGR
100 1# - ENTRADA PRINCIPAL--NOMBRE DE PERSONA
Nombre de persona Mailhiot, Bernard
9 (RLIN) 50253
245 10 - MENCIÓN DE TÍTULO
Título Dinámica y génesis de grupos /
Mención de responsabilidad, etc. Bernard Mailhiot ; Ubaldo Martínez.
250 ## - MENCIÓN DE EDICIÓN
Mención de edición 2a ed.
260 ## - PUBLICACIÓN, DISTRIBUCIÓN, ETC.
Lugar de publicación, distribución, etc. Madrid :
Nombre del editor, distribuidor, etc. Marova,
Fecha de publicación, distribución, etc. 1973.
300 ## - DESCRIPCIÓN FÍSICA
Extensión 183 p. ;
Dimensiones 21 cm.
490 1# - MENCIÓN DE SERIE
Mención de serie Biblioteca Marova de Estudios del Hombre ;
Designación de volumen o secuencia 2
500 ## - NOTA GENERAL
Nota general Incluye índice de temas, autores y obras citadas.
500 ## - NOTA GENERAL
Nota general Incluye bibliografía p. [159-169].
504 ## - NOTA DE BIBLIOGRAFÍA, ETC.
Nota de bibliografía, etc. Incluye referencias bibliográficas y notas al pie de las páginas.
534 ## - NOTA SOBRE LA VERSIÓN ORIGINAL
Frase introductoria Título original:
Mención de título del original Dinamique et genése de groupes.
700 1# - PUNTO DE ACCESO ADICIONAL--NOMBRE DE PERSONA
Nombre de persona Martínez, Ubaldo,
Término indicativo de función/relación tr.
9 (RLIN) 50254
830 #0 - PUNTO DE ACCESO ADICIONAL DE SERIE-TÍTULO UNIFORME
Título uniforme Biblioteca Marova de Estudios del Hombre ;
Número de parte o sección de la obra 2
9 (RLIN) 50255
Existencias
Estado de retiro Estado de pérdida Restricciones de uso No para préstamo Código de colección Localización permanente Ubicación/localización actual Ubicación en estantería Fecha de adquisición Número de inventario Total de préstamos Signatura topográfica completa Código de barras Fecha visto por última vez Precio válido a partir de Tipo de ítem Koha
        Monografías: Libros y Folletos General General En catalogación 28.01.2011 LF1   xxxxx M219d 24524-10 25.06.2020 25.06.2020 Préstamo en sala

Con tecnología Koha